• 首页
  • 本馆介绍
  • 公告通知
  • 最新文献
  • 馆藏检索
  • 电子资源
  • 读者导购
  • 参考咨询
  • 我的图书馆
  • 登录
  • 详细信息显示
  • 放入我的书架
  • 预约/预借图书
  • 作者相关作品
  • 分类相关作品
  • 丛书相关作品
  • 出版社相关作品

书目信息

  • 表格格式
  • 工作单格式
  • 卡片格式
题名:
水化学
    
 
作者: 孙晓红 主编
分册:  
出版信息: 北京   中国农业出版社  2002
页数: 217页
开本: 26cm
丛书名:
单 册:
中图分类: S912
科图分类:
主题词: 水产化学--水化学
电子资源:
ISBN: 7-109-07737-3
000 00735nam0 2200229 45
001 002198995
005 20050323142521.6
010    @a7-109-07737-3@dCNY17.40
100    @a20021129d2002 em y0chiy0110 ea
101 0  @achi
102    @aCN@b110000
105    @ay z 000yy
200 1  @a水化学@Ashui hua xue@f孙晓红主编@FSun Xiao Hong Zhu Bian
210    @a北京@c中国农业出版社@d2002
215    @a217页@d26cm
300    @a中等职业教育农业部规划教材 水产养殖专业用
330    @a本书系统地论述了天然水的化学成分及其动态规律、各主要水化因子的测定原理和测定方法、各主要水化因子与养殖生产的关系。
606 0  @a水产化学@x水化学
690    @aS912@v4
701  0 @a孙晓红@4主编
801  0 @aCN@bNLC@c20021218
905    @f1@b345571@dS912@e8
    
    水化学/孙晓红主编.-北京:中国农业出版社,2002
    217页;26cm
    中等职业教育农业部规划教材 水产养殖专业用
    
    ISBN 7-109-07737-3:CNY17.40
    本书系统地论述了天然水的化学成分及其动态规律、各主要水化因子的测定原理和测定方法、各主要水化因子与养殖生产的关系。
●
相关链接 在E读中查询图书 在五车中查询图书 在当当中查询图书 在豆瓣中查询图书


正题名:水化学     索取号:S912/8         预约/预借

序号 登录号 条形码 馆藏地/架位号 状态 备注
1 0345571   203455714   第二样本阅览室/ [索取号:S912/8] 在馆    
唐山师范学院图书馆 欢迎您!
大连网信软件有限公司© 版权所有